|
|
|
|
| LEADER |
02947nam a2200661 4500 |
| 001 |
ocn881079794 |
| 003 |
OCoLC |
| 005 |
20170124071739.2 |
| 006 |
m o d |
| 007 |
cr cnu---unuuu |
| 008 |
140606s2014 enk ob 001 0 eng d |
| 040 |
|
|
|a DG1
|b eng
|e rda
|e pn
|c DG1
|d OCLCO
|d CUS
|d OCLCO
|d OCLCA
|d OCLCF
|d E7B
|d OCLCO
|d YDXCP
|d N$T
|d OCLCO
|d DEBBG
|d EBLCP
|d GrThAP
|
| 019 |
|
|
|a 896859522
|a 961662960
|a 962722785
|
| 020 |
|
|
|a 9781118959152
|q electronic bk.
|
| 020 |
|
|
|a 1118959159
|q electronic bk.
|
| 020 |
|
|
|z 9781848216099
|
| 020 |
|
|
|a 9781118959138
|q electronic bk.
|
| 020 |
|
|
|a 1118959132
|q electronic bk.
|
| 024 |
7 |
|
|a 10.1002/9781118959152
|2 doi
|
| 029 |
1 |
|
|a NZ1
|b 15581447
|
| 029 |
1 |
|
|a CHVBK
|b 325940452
|
| 029 |
1 |
|
|a CHBIS
|b 010259694
|
| 029 |
1 |
|
|a NZ1
|b 15906868
|
| 029 |
1 |
|
|a GBVCP
|b 793864682
|
| 029 |
1 |
|
|a DEBBG
|b BV043396849
|
| 035 |
|
|
|a (OCoLC)881079794
|z (OCoLC)896859522
|z (OCoLC)961662960
|z (OCoLC)962722785
|
| 041 |
1 |
|
|a eng
|h fre
|
| 050 |
|
4 |
|a HD30.23
|
| 072 |
|
7 |
|a BUS
|x 082000
|2 bisacsh
|
| 072 |
|
7 |
|a BUS
|x 041000
|2 bisacsh
|
| 072 |
|
7 |
|a BUS
|x 042000
|2 bisacsh
|
| 072 |
|
7 |
|a BUS
|x 085000
|2 bisacsh
|
| 082 |
0 |
4 |
|a 658.4/03
|2 23
|
| 049 |
|
|
|a MAIN
|
| 100 |
1 |
|
|a Lesca, Humbert,
|e author.
|
| 245 |
1 |
0 |
|a Strategic decisions and weak signals :
|b anticipation for decision-making /
|c Humbert Lesca, Nicolas Lesca.
|
| 264 |
|
1 |
|a London :
|b ISTE, Ltd. ;
|a Hoboken, NJ :
|b Wiley,
|c 2014.
|
| 300 |
|
|
|a 1 online resource (xi, 131 pages)
|
| 336 |
|
|
|a text
|b txt
|2 rdacontent
|
| 337 |
|
|
|a computer
|b c
|2 rdamedia
|
| 338 |
|
|
|a online resource
|b cr
|2 rdacarrier
|
| 490 |
1 |
|
|a Focus series
|
| 505 |
0 |
|
|a The Subject within the Field of Management Science: Concepts and Issues / Humbert Lesca, Nicolas Lesca -- State of the Art: Systems Suggested by Previous Authors / Humbert Lesca, Nicolas Lesca -- Proposed Systems: Results of Information System Prototyping Research Conducted at the CNRS-CERAG Lab (France) / Humbert Lesca, Nicolas Lesca -- Conclusion -- Glossary.
|
| 504 |
|
|
|a Includes bibliographical references and index.
|
| 588 |
|
|
|a Description based on online resource; title from PDF title page (Wiley, viewed June 6, 2014).
|
| 588 |
0 |
|
|a Print version record.
|
| 650 |
|
0 |
|a Decision making
|x Data processing.
|
| 650 |
|
7 |
|a Decision making
|x Data processing.
|2 fast
|0 (OCoLC)fst00889041
|
| 650 |
|
7 |
|a BUSINESS & ECONOMICS / Industrial Management
|2 bisacsh
|
| 650 |
|
7 |
|a BUSINESS & ECONOMICS / Management
|2 bisacsh
|
| 650 |
|
7 |
|a BUSINESS & ECONOMICS / Management Science
|2 bisacsh
|
| 650 |
|
7 |
|a BUSINESS & ECONOMICS / Organizational Behavior
|2 bisacsh
|
| 655 |
|
4 |
|a Electronic books.
|
| 700 |
1 |
|
|a Lesca, Nicolas,
|e author.
|
| 776 |
0 |
8 |
|i Print version:
|a Lesca, Humbert, author.
|t Strategic decisions and weak signals
|z 9781848216099
|w (OCoLC)881131654
|
| 830 |
|
0 |
|a Focus nanoscience and nanotechnology series.
|
| 856 |
4 |
0 |
|u https://doi.org/10.1002/9781118959152
|z Full Text via HEAL-Link
|
| 994 |
|
|
|a 92
|b DG1
|